| 000 | 01186nam a22002297a 4500 | ||
|---|---|---|---|
| 005 | 20101214144046.0 | ||
| 008 | 101214t xxu||||| |||| 00| 0 mar d | ||
| 010 | _aMAR-20421 | ||
| 020 |
_c100.00 _a9788189621155 |
||
| 035 | _aMR-13079 | ||
| 037 | _bDBAD / PUB | ||
| 040 |
_aDPL _bMR |
||
| 082 | _a891.461 | ||
| 100 |
_aकेतकर,सचिन _924776 |
||
| 245 |
_aजरासंधाच्या ब्लॉगवरचे काही अंश / _cसचिन केतकर |
||
| 246 |
_aJarasandhachya Blogwarache Kahi Ansh _bby Sachin Ketkar |
||
| 260 |
_aमुंबई _bअभिधानंतर आणि पोएट्रीवाला _c2010 |
||
| 270 |
_a1701/1702,6-ए,व्हीस्परिंग पामूस,लोखंडवाला टाऊनशिप,कांदिवली (पू) _bमुंबई _e400101 |
||
| 300 |
_a87पृ _c21 सेमी. (अजिल्द ) |
||
| 942 |
_2ddc _cMR _h891.461 _mकेतक |
||
| 999 |
_c49177 _d49177 |
||